• 首页
  • 本馆介绍
  • 公告通知
  • 最新文献
  • 馆藏检索
  • 电子资源
  • 读者导购
  • 参考咨询
  • 我的图书馆
  • 登录
  • 详细信息显示
  • 放入我的书架
  • 预约/预借图书
  • 作者相关作品
  • 分类相关作品
  • 丛书相关作品
  • 出版社相关作品

书目信息

  • 表格格式
  • 工作单格式
  • 卡片格式
题名:
论印度的民主
    
 
作者: 王红生 著
分册:  
出版信息: 北京   社会科学文献出版社  2011.06
页数: 418页
开本: 23cm
丛书名:
单 册:
中图分类: D735.121
科图分类:
主题词: 民主--研究--印度 , 民主
电子资源:
ISBN: 978-7-5097-2340-1
000 00939nam0 2200265 450
001 010010079575
005 20120618152513.53
010    @a978-7-5097-2340-1@dCNY58.00
100    @a20110622d2011 em y0chiy50 ea
101 0  @achi
102    @aCN@b110000
105    @ay z 000yy
106    @ar
200 1  @a论印度的民主@9lun yin du de min zhu@dOn India's democracy@f王红生著@zeng
210    @a北京@c社会科学文献出版社@d2011.06
215    @a418页@d23cm
300    @a国家社会科学 基金一般项目《独立以来印度社会的变动及其对印度政治的影响》(项目批准号:02BSS001)最终成果
330    @a本书主要内容包括:绪论;印度民主的起源;印度的国家制度建设;印度的经济发展与社会变迁;印度的危机处理与政治过程等。
510 1  @aOn India's democracy@zeng
606 0  @a民主@x研究@y印度
606 0  @a民主
690    @aD735.121@v4
701  0 @a王红生@9wang hong sheng@4著
801  0 @aCN@bRENTIAN@c20110622
905    @b538434-38@dD735.121@e352@f5
    
    论印度的民主=On India's democracy/王红生著.-北京:社会科学文献出版社,2011.06
    418页;23cm
    国家社会科学 基金一般项目《独立以来印度社会的变动及其对印度政治的影响》(项目批准号:02BSS001)最终成果
    
    ISBN 978-7-5097-2340-1:CNY58.00
    本书主要内容包括:绪论;印度民主的起源;印度的国家制度建设;印度的经济发展与社会变迁;印度的危机处理与政治过程等。
●
相关链接 在E读中查询图书 在五车中查询图书 在当当中查询图书 在豆瓣中查询图书


正题名:论印度的民主     索取号:D735.121/352         预约/预借

序号 登录号 条形码 馆藏地/架位号 状态 备注
1 538434   205384341   第一样本阅览室/ [索取号:D735.121/352] 在馆    
2 538435   205384350   第一借阅区/ [索取号:D735.121/352] 在馆    
3 538436   205384369   第一借阅区/ [索取号:D735.121/352] 在馆    
4 538437   205384378   第一借阅区/ [索取号:D735.121/352] 在馆    
5 538438   205384387   第一借阅区/ [索取号:D735.121/352] 在馆    
唐山师范学院图书馆 欢迎您!
大连网信软件有限公司© 版权所有